Statistics for Gore, hribi - Kamniško-Savinjske...

Click here to take the quiz!

General Stats

  • This quiz has been taken 104 times
  • The average score is 10 of 12

Answers on the Map

Answers color-coded by a green-red scale on the quiz's map according to % correct below.
 

Answer Stats

Answer% Correct
Skuta
98%
Mrzla Gora
96%
Grintovec
94%
Planjava
92%
Turska Gora
90%
Dleskovška planota
87%
Kočna
85%
Koroška Rinka
77%
Pavličevo sedlo
69%
Štajerska Rinka
67%
Kranjska Rinka
63%
Štruca
60%

Score Distribution

Percentile by Number Answered

Percent of People with Each Score

Your Score History

You have not taken this quiz